| 000 | 00755nam a2200205 a 4500 | ||
|---|---|---|---|
| 001 | BRCA_1825 | ||
| 005 | 20190320203551.0 | ||
| 008 | 210508s----1993it-a---###---#000-0#ita-# | ||
| 050 | 4 |
_aN2940 _b.M67 1993 |
|
| 100 | 1 |
_aMorello, Giovanni _95676 |
|
| 245 | 1 | 0 |
_aTesoros artísticos del Vaticano _barte y cultura de dos milenios _ceditor Giovanni Morello. |
| 260 |
_aMilán _bElecta _c1993 |
||
| 300 |
_a394 p. _bil. a color _c29 cm. |
||
| 500 | _aCatálogo de la exposición realizada en el Antiguo Colegio de san Ildefonso (Ciudad de México), 1993 | ||
| 500 | _aColección Sonia Corcuera de Mancera | ||
| 610 | 2 | 4 |
_aMuseo del Vaticano _vColecciones de arte _95677 |
| 650 | 1 | 4 |
_aArte cristiano _vExposiciones _zMéxico _95678 |
| 902 | _aDSC | ||
| 942 |
_2lcc _cB |
||
| 999 |
_c1606 _d1606 |
||